000 00871cpcaa22002537a 4500
001 mm 80005630
003 DLC
005 20260227111703.0
008 800121|||||||||||| eng
010 _amm 80005630
040 _aDLC
_cDLC
_edacs
_dDLC
072 7 _aL
_2lcmd
100 1 _aWells, H. G.
_q(Herbert George),
_d1866-1946.
245 0 0 _aH. G. Wells correspondence,
_f1902 December 26.
300 _a1
_fitem.
506 0 _aOpen to research.
545 0 _aAuthor and historian.
546 _aCollection material in English.
580 _aForms part of: Miscellaneous Manuscripts collection.
656 7 _aAuthors.
_2itoamc
656 7 _aHistorians.
_2itoamc
999 _c42780
_d42780